MARC

Tag First Indicator Second Indicator Subfields
LEADER 00000cgm a2200000 a 4500
001 in00001200549
005 20190504063433.0
007 vf bbahom
008 910710q19801989nju093 g vleng d
019 |a 18574936  |a 18828938 
035 |a (OCoLC)24392488 
035 |9 AGJ5362AM 
040 |a RBN  |c RBN  |d NMC  |d OCL  |d CUI  |d TXA  |d UtOrBLW 
049 |a TXAM 
090 |a GV1790.A1  |b M377 1980z 
092 |a 793.32 
245 0 0 |a Martha Graham in performance /  |c Homevideo Exclusives. 
264 1 |a W. Long Branch, NJ :  |b Kultur International Films,  |c [between 1980 and 1989?] 
300 |a 1 videocassette (93 min.) :  |b sound, black and white ;  |c 1/2 in. 
336 |a two-dimensional moving image  |b tdi  |2 rdacontent 
337 |a video  |b v  |2 rdamedia 
338 |a videocassette  |b vf  |2 rdacarrier 
490 1 |a Dance series 
490 1 |a The Library of master performers 
538 |a VHS. 
500 |a Dances "conceived and choreographed by Martha Graham" and produced as motion pictures by Nathan Kroll for television station WQED, Pittsburgh, Pa. 
500 |a "Nathan Kroll's Martha Graham, an American original in performance"--Container. 
511 1 |a Martha Graham Dance Company (1st work); Martha Graham (Queen Jocasta), Bertram Ross (King Oedipus), Paul Taylor (Tiresias), Helen McGehee (Chorus Leader) (2nd work); Martha Graham (The Wife), Stuart Hodes (The Husband), Bertram Ross (The Preacher), Matt Turney (The Pioneer Woman), Yuriko ... [et al.] (The Worshippers) (3rd work). 
500 |a Originally released by Rembrandt Films in 1957, 1960, 1959. 
500 |a "Mono, stereo-compatible, Dolby system"--Container. 
505 0 |a A Dancer's world / directed and photographed by Peter Glushanok ; commentary by Martha Graham and Leroy Leatherman ; film editor, Eleanor Hamerow ; music composed and played by Cameron McCosh -- Night journey / directed by Alexander Hammid ; music by William Schuman ; director of photography, StanleyMeredith ; settings, Isamu Noguchi ; editor, Miriam Arsham ; orchestra conducted by Robert Irving -- Appalachian spring / directed and photographed by Peter Glushanok ; music by Aaron Copland as originally scored ; edited by Eleanor Hamerow ; orchestra conducted by Eugene Lester. 
500 |a "1177." 
521 |a Dance. 
500 |a Videorecording. 
650 0 |a Ballets. 
600 1 0 |a Graham, Martha  |x Performances. 
650 0 |a Modern dance. 
650 0 |a Night journey (Ballet) 
650 0 |a Appalachian spring (Ballet) 
700 1 |a Graham, Martha. 
700 1 |a Ross, Bertram,  |d 1920- 
700 1 |a Taylor, Paul,  |d 1930-2018. 
700 1 |a McGehee, Helen. 
700 1 |a Hodes, Stuart. 
700 1 |a Turney, Matt. 
700 0 |a Yuriko,  |d 1920- 
700 1 |a Kroll, Nathan. 
700 1 |a Glushanok, Peter. 
700 1 |a Hammid, Alexander. 
700 1 |a Leatherman, LeRoy. 
700 1 |a McCosh, Cameron. 
700 1 |a Schuman, William,  |d 1910-1992. 
700 1 |a Copland, Aaron,  |d 1900-1990. 
700 0 |a Sophocles.  |t Oedipus Rex. 
710 2 |a Martha Graham Dance Company. 
710 2 |a Homevideo Exclusives (Firm) 
710 2 |a WQED (Television station : Pittsburgh, Pa.) 
710 2 |a Rembrandt Films, New York. 
710 2 |a Kultur International Films. 
730 0 |a Dancer's world (Motion picture) 
730 0 |a Night journey (Motion picture) 
730 0 |a Appalachian spring (Motion picture) 
740 0 |a Nathan Kroll's Martha Graham, an American original in performance. 
740 0 |a Martha Graham, an American original in performance. 
830 0 |a Dance series. 
830 0 |a Library of master performers. 
999 |a MARS 
999 f f |s 3aad16e7-4f2f-3869-bcf2-c26e9088f0e3  |i 03928798-0bd6-3073-9f45-45316088108b  |t 0 
952 f f |p ric  |a Texas A&M University  |b Rellis Campus  |c Joint Library Facility  |d Remote Storage  |t 0  |e GV1790.A1 M37 1980z  |h Library of Congress classification  |i video -- videocassette  |m A14826479143 
998 f f |a GV1790.A1 M37 1980z  |t 0  |l Remote Storage